| 000 | 00487nam a22001817a 4500 | ||
|---|---|---|---|
| 003 | CEME | ||
| 005 | 20210628202556.0 | ||
| 008 | 210209b xxu||||| |||| 00| 0 eng d | ||
| 020 | _a0-07-116910-5 | ||
| 040 | _c. | ||
| 082 | _a621.4023 TUR | ||
| 100 |
_aTurns, Stephen R _960556 |
||
| 245 | _aAn introduction to combustion, concepts and applications | ||
| 260 |
_aNEW YORK _bMCGRAW HILL _c2000 |
||
| 300 | _aXXIII,676P | ||
| 650 |
_aCOMBUSTION ENGINEERING _958814 |
||
| 942 |
_cBK _2ddc |
||
| 999 |
_c570257 _d570257 |
||